000 00748nam a2200253 i 4500
001 C2-0279650
003 PPAK
005 20180728010811.0
008 070508s2003 my a|||| ||||| | may d
020 _a983256302X
040 _aPPAK
_beng
_cPPAK
_erda
082 0 4 _a923.1595115
_223
090 0 0 _a923.1595115
_bLEM
_dKK
110 2 _aLembaga Muzium Selangor
245 0 0 _aTiang Seri Selangor
264 1 _aShah Alam, Selangor :
_bLembaga Muzium Selangor ,
_c2003
300 _a140 pages :
_billustrations ;
_c25 cm
336 _2rdacontent
_atext
337 _2rdamedia
_aunmediated
338 _2rdacarrier
_avolume
650 1 0 _aHeads of states - Biography - Selangor.
710 2 _aLembaga Muzium Selangor
_eorganizer
942 _ddc
_cB
999 _c86265
_d86265